[Event "Bergen Sommer op-A"]
[Site "Bergen"]
[Date "2005.08.02"]
[Round "3"]
[White "Hammersland, Arne Henrik"]
[Black "Christoffersen, Odd"]
[Result "1/2-1/2"]
[WhiteElo "1705"]
[BlackElo "1540"]
[PlyCount "36"]
[EventDate "2005.07.31"]
[EventType "swiss"]
[EventRounds "6"]
[EventCountry "NOR"]
[SourceTitle "EXT 2006"]
[Source "ChessBase"]
[SourceDate "2005.11.24"]
[SourceVersion "1"]
[SourceVersionDate "2005.11.24"]
[SourceQuality "1"]

1. c4 e6 2. Nc3 d5 3. d4 Nf6 4. cxd5 exd5 5. Bg5 Be7 6. e3 0-0 7. Bd3 Re8 8. Nge2 Nbd7 9. Qc2 Nf8 10. 0-0 c6 11. Rad1 Nh5 12. Bxe7 Qxe7 13. e4 dxe4 14. Bxe4 Nf6 15. Bf3 Bg4 16. Bxg4 Nxg4 17. d5 cxd5 18. Rxd5 Rad8 1/2-1/2

[Event "Bergen Sommer op-A"]
[Site "Bergen"]
[Date "2005.08.01"]
[Round "2"]
[White "Hammersland, Arne Henrik"]
[Black "Agustsson, Hafsteinn"]
[Result "0-1"]
[WhiteElo "1705"]
[BlackElo "1634"]
[PlyCount "78"]
[EventDate "2005.07.31"]
[EventType "swiss"]
[EventRounds "6"]
[EventCountry "NOR"]
[SourceTitle "EXT 2006"]
[Source "ChessBase"]
[SourceDate "2005.11.24"]
[SourceVersion "1"]
[SourceVersionDate "2005.11.24"]
[SourceQuality "1"]

1. c4 Nf6 2. Nc3 d5 3. cxd5 Nxd5 4. g3 c5 5. Bg2 Nc7 6. Nf3 Nc6 7. 0-0 e5 8. d3 Be7 9. Be3 Be6 10. Rc1 f6 11. a3 0-0 12. Na4 b6 13. b4 Nd4 14. Nxd4 cxd4 15. Bxa8 Qxa8 16. Rxc7 Bd6 17. Rc1 Bh3 18. f3 Bxf1 19. Bxd4 exd4 20. Qb3+ Kh8 21. Kxf1 Qe8 22. Rc2 Qe5 23. b5 h5 24. Nb2 h4 25. Nc4 Qe6 26. Kg2 g5 27. Qb2 Bc5 28. Rc1 Re8 29. Re1 g4 30. fxg4 Qxg4 31. Qd2 Kg7 32. e4 dxe3 33. Nxe3 h3+ 34. Kf2 Qf5+ 35. Kg1 Rxe3 36. Rxe3 Qf3 37. d4 Bxd4 38. Qf2 Bxe3 39. Qxe3 Qg2# 0-1

[Event "Bergen Sommer op"]
[Site "Bergen"]
[Date "2004.08.05"]
[Round "5"]
[White "Hammersland, Arne Henrik"]
[Black "Naalsund, Roar"]
[Result "1/2-1/2"]
[WhiteElo "1660"]
[BlackElo "1761"]
[PlyCount "81"]
[EventDate "2004.08.01"]
[EventType "swiss"]
[EventRounds "6"]
[EventCountry "NOR"]
[SourceTitle "CBM 101 Extra"]
[Source "ChessBase"]
[SourceDate "2004.09.01"]
[SourceVersion "2"]
[SourceVersionDate "2004.09.01"]
[SourceQuality "1"]

1. c4 e6 2. Nc3 b6 3. Nf3 Bb7 4. e4 Bb4 5. Qc2 Nf6 6. e5 Ng4 7. Be2 Nc6 8. d4 f6 9. Bf4 fxe5 10. dxe5 0-0 11. Bg3 Nh6 12. Bd3 Rxf3 13. Bxh7+ Kh8 14. gxf3 Nd4 15. Qg6 Qf8 16. Rf1 Nxf3+ 17. Kd1 Qc5 18. Qd3 Nxe5 19. Bxe5 Qxe5 20. f4 Qh5+ 21. Ne2 Ng4 22. h3 Nf6 23. Bg6 Qh6 24. Kc2 d5 25. b3 Nd7 26. Rad1 Nc5 27. Qg3 dxc4 28. bxc4 Bc6 29. Nd4 Ba4+ 30. Nb3 Rf8 31. Qg5 Nb7 32. Qxh6+ gxh6 33. Kb2 Nd6 34. Bd3 Bc6 35. Nd4 Bd7 36. f5 exf5 37. Rf4 Bc5 38. Rdf1 Bxd4+ 39. Rxd4 Kg7 40. Kc3 Kg6 41. Rg4+ 1/2-1/2

[Event "Bergen Sommer op"]
[Site "Bergen"]
[Date "2004.08.01"]
[Round "1"]
[White "Bue, Gunnar"]
[Black "Hammersland, Arne Henrik"]
[Result "1/2-1/2"]
[WhiteElo "1543"]
[BlackElo "1660"]
[PlyCount "81"]
[EventDate "2004.08.01"]
[EventType "swiss"]
[EventRounds "6"]
[EventCountry "NOR"]
[SourceTitle "CBM 101 Extra"]
[Source "ChessBase"]
[SourceDate "2004.09.01"]
[SourceVersion "2"]
[SourceVersionDate "2004.09.01"]
[SourceQuality "1"]

1. d4 Nf6 2. c4 e6 3. Nf3 b6 4. e3 Bb7 5. Bd3 Ne4 6. 0-0 Be7 7. Nc3 Nxc3 8. bxc3 f5 9. Qe2 0-0 10. Bd2 Qe8 11. e4 fxe4 12. Bxe4 Bxe4 13. Qxe4 Nc6 14. Rfe1 Bf6 15. Bf4 Qd8 16. Re2 Na5 17. Qd3 Kh8 18. Rd1 Rc8 19. Bg3 Rf7 20. d5 exd5 21. cxd5 d6 22. Rde1 Qd7 23. Re6 Nb7 24. Qf5 Rcf8 25. Qh3 Nc5 26. Bh4 Nd3 27. Bxf6 Nxe1 28. Ng5 gxf6 29. Nxf7+ Qxf7 30. Rxe1 Qxd5 31. g3 Qf7 32. Qf5 Qg6 33. Qd7 Rf7 34. Re8+ Kg7 35. Qc8 Kh6 36. Rg8 Qb1+ 37. Kg2 Qe4+ 38. Kh3 f5 39. Qd8 Qe7 40. Qa8 c5 41. Qd5 1/2-1/2